1489 1396 1468 1664 1539 1868 1562 1532 1852 1079 1239 1946 1511 1639 1628 1113 1515 1257 1480 1911 1370 1052 1552 1379 1361 1639 1781 1275 1154 1806 1724 1900 1429 1221 1077 1929 1910 1381 1566 1866 1219 1528 1088 1290 1717 1024 1015 1678 1081 1355 1031 1607 1265 1403 1748 1759 1774 1967 1089 1104 1353 1245 1053 1815 1823 1294 1453 1795 1890 1549 1468 1605 1594 1104 1829 1489 1338 1551 1659 1527 1535 1336 1723 1706 1329 1251 1563 1038 1427 1841 1351 1438 1064 1081 1354 1204 1429 1876 1672 BCNSPRNW ULIB Ver.6.0+V

เปลี่ยนเป็นภาษาไทย

Change to English
 แสดงรายละเอียดบรรณานุกรม
  กลับหน้าหลัก

Brief Record : Get Marc (ISO 2709) : E-mail record : QR code < ปิดหน้าต่าง
LEADER : 00000nam 2200000uu 4500
001    13399113060
003     ULIB
008    110922s2551||||th 000 0 tha d
020    9789741374243
050  4 PE1128^bป328F ล.1 2551
100 0  ประพิศ พงษ์พานิช
245 10 Fun & games in learning medical English book 1 :^bdoctors,nurses, medical students, everyone involved in health care: แบบฝึกหัดภาษาอังกฤษสำหรับบุคลากรทางการแพทย์ /^c[ประพิศ พงษ์พานิช, บ๊อบ ก๊อดสัน]
250    พิมพ์ครั้งที่ 1
260    กรุงเทพฯ :^bเจ้าพระยาระบบการพิมพ์,^c2551
300    123 หน้า :^bภาพประกอบ ;^c22 ซม.
650  4 ภาษาอังกฤษ^xบทสนทนาและวลี (สำหรับบุคลากรทางการแพทย์)
650  4 ภาษาอังกฤษ^xการใช้ภาษา^xแบบฝึกหัด
653    Open Your Eyes Project
700 1  ก๊อดสัน, บ๊อบ
945    ^p150^l0^i024207
945    ^p150^l0^i024208
995    ทศพร
999 ^a ทศพร
รายการนี้ยังไม่มีแท็ก
คุณยังไม่ได้ล็อกอิน คุณสามารถมีกิจกรรมร่วมกับเว็บไซต์ได้ แต่ต้องล็อกอินก่อน ::
  ล็อกอิน

รายการสื่อสารสนเทศ

ลำดับที่ ประเภท เลขเรียก/บาร์โค้ด สถานที่ สถานะ
- ไม่พบข้อมูล -

รายการใกล้เคียง
    ผู้แต่ง [ประพิศ พงษ์พานิช]

BibComment


ยังไม่เคยถูกคอมเมนท์

คอมเมนท์ทรัพยากรรายการนี้
  คอมเมนท์: Fun games in lea..


 Copyright 2026. Bcnsprnw @Library